000 00832nmm a2200265 a 4500
001 ocm0001411532
003 TR-IsHL
005 20201028163808.0
008 160220s2016 tu tur
007 cr cn
020 _a9789754081572
035 _a1411532
_b(N$T)
050 0 4 _aPL248.B34
_bK4 2016
090 0 4 _aPL248.B34
_bK4 2016
100 1 _aBahadıroğlu, Yavuz
245 1 0 _aKeşmekeş
_h[electronic resource] /
_cYavuz Bahadıroğlu
260 _aİstanbul :
_bYeni Asya Yayınları,
_c2016
300 _a412 p.
650 4 _aDil ve Edebiyat
650 4 _aLanguage and Literature
650 0 _aTürk romanı
650 0 _aTurkish fiction
650 7 _aLITERARY COLLECTIONS / Middle Eastern
_2bisacsh
856 4 0 _uhttp://search.ebscohost.com/login.aspx?direct=true&scope=site&db=e011xww&AN=1411532
999 _c15443
_d15443